000 00737nam a2200229Ii 4500
003 JO-AjNU
008 230605s9999||||xx |||||||||||||| ||und||
017 _a2009/11/4941
020 _a978-9957-11-862-4
040 _aJO-AjNU
_bara
_erda
_cJO-AjNU
041 _aara
050 1 4 _aHD30.23.Y3388.2010
100 3 _aياغي،محمد عبدالفتاح,
_eauthor
_931440
245 0 0 _aاتخاذ القرارات التنظيمية
250 _aط2
264 3 1 _aعمان:دار وائل للنشر والتوزيع،2010
300 _a302ص
336 _atext
_btxt
_2rdacontent
337 _aunmediated
_bn
_2rdamedia
338 _avolume
_bnc
_2rdacarrier
650 4 _aادارة اعمال-اتخاذ القرارات
_931441
999 _aA12576
_c16144
_d16144